banner koha

Micropropagation of Salix humbo/dtiana Hild. (Registro n. 298490)

MARC details
000 -LÍDER
fixed length control field 02516nab a2200277 i 4500
003 - CÓDIGO MARC DA AGÊNCIA CATALOGADORA
Campo de controle BR-BrBNA
005 - DATA E HORA DA ÚLTIMA ATUALIZAÇÃO
Campo de controle 20240214115553.0
008 - CAMPO DE TAMANHO FIXO
fixed length control field 240214b2000 bl.fr|p|oa||| 00| 0 eng |
040 ## - FONTE DA CATALOGAÇÃO
Agência catalogadora BR-BrBNA
Idioma da catalogação eng
072 ## - CATEGORIA AGRIS
Código AGRIS F02
100 ## - ENTRADA PRINCIPAL - NOME PESSOAL
Nome pessoal Pereira, Ana Maria S.
100 ## - ENTRADA PRINCIPAL - NOME PESSOAL
Nome pessoal Bertoni, Bianca W.
100 ## - ENTRADA PRINCIPAL - NOME PESSOAL
Nome pessoal Moraes, Rita M.
100 ## - ENTRADA PRINCIPAL - NOME PESSOAL
Nome pessoal França, Suzelei C.
245 ## - TÍTULO PRINCIPAL
Título principal Micropropagation of Salix humbo/dtiana Hild.
500 ## - NOTA GERAL
Nota geral Publicação on-line; 11 ref.; 1 illus.; 3 tables; Summaries (En, Pt)
942 ## - ADDED ENTRY ELEMENTS (KOHA)
Koha item type
520 ## - NOTA DE RESUMO
Nota de conteúdo <br/><br/>RESUMO: <br/><br/>Um protocolo de micropropagaçào visando a produção em larga escala de Salix<br/>humboldtiana Hild. foi desenvolvido usando duas fontes de explantes, derivados de plantas<br/>adultas e de plantas jovens clonadas. Tanto a proliferação de brotos como a indução de raízes<br/>foram influenciadas pela fonte de explante usada. Maior índice de brotaçâo íoi obtido em meio<br/>MS suplementado com 2.3 pM de cinetina, enquanto que o meio MS com a concentração de<br/>macronutrientes reduzida ao meio (MS/2) adicionado com 5.3 jiM ANA propiciou o enraizamento.<br/>Durante o processo de aclimatação, irrigação com solução de ampicilina 0,005% (v/v) foi essencial<br/>para a sobrevivência das planlas.<br/><br/>Palavras chave - cultura de tecido, Salix humboldtiana Hild., salgueiro, plantas medicinais
520 ## - NOTA DE RESUMO
Nota de conteúdo <br/><br/>ABSTRACT: <br/><br/>Micropropagation of Salix humboldtiana Hild.. A micropropagation protocol for<br/>large scale production of Saltx humboldtiana Hild. was carried out using both, explants excised<br/>from adult plants and from cloned plantlets. Either shoot proliferation or root induction were<br/>influenced by the source of explant used. MS medium supplemented with 2,3 pM kinetin enhanced<br/>shoot production while half-strength MS medium added with 5.3 pM NAA enhanced rooting.<br/>During the acclimatization process, irrigation with 0.005% (v/v) ampicillin solution was essential<br/>for plant maintenance.<br/><br/>Key words: Tissue culture, Salix humboldtiana Hild., willow species, salgueiro, medicinal plants
650 ## - ASSUNTO - THESAGRO
Cabeçalho tópico ou nome geográfico CULTURA DE TECIDO
650 ## - ASSUNTO - THESAGRO
Cabeçalho tópico ou nome geográfico SALIX HUMBOLDTIANA
650 ## - ASSUNTO - THESAGRO
Cabeçalho tópico ou nome geográfico PLANTA MEDICINAL
773 0# - ENTRADA ANALÍTICA
Host Biblionumber 3543
Registro do item 13657
Imprenta Botucatu-SP Instituto de Biociências - Departamento de Química e Bioquímica 1998
Outro identificador 2023-29682
Título Revista Brasileira de Plantas Medicinais (Brazil)
ISSN 1516-0572
Colação v. 2(2) p. 17-21; (2000)
Número de controle de registro BR2024000011
856 ## - ACESSO E ENDEREÇO ELETRÔNICO
Identificador uniforme de recurso - URI https://www.sbpmed.org.br/admin/files/papers/file_o7KbMEfuGPth.pdf

Nenhum exemplar disponível.

BINAGRI

Telefone: (61)3218-2567/2388/3357/2097 - binagri@agro.gov.br

Ministério da Agricultura e Pecuária , Esplanada dos Ministérios, Bloco D, Anexo B, Brasília/DF, CEP: 70.043-900